000 01009nam a22003377a 4500
003 CHAP
005 20220329135533.0
008 971013s r 00010 d
010 _a38181
011 _a39153
035 _a43273
040 _cCHAP
090 _aFolleto 7783
110 _aPatronato del Maguey, México.
_986215
245 _aXococ necuitli
260 _aMéxico :
_bEl patronato,
_c(s.a.)
300 _a4 p.
490 _aLiteratura para médicos
590 _aBATCH-UPD
_b10
_c20130110
_lUCH01
_h0117
590 _aBATCH-UPD
_b10
_c20130110
_lUCH01
_h1829
590 _aBATCH-UPD
_b10
_c20130409
_lUCH01
_h2109
590 _aBATCH-UPD
_b10
_c20130410
_lUCH01
_h1202
590 _aBATCH-UPD
_b10
_c20130913
_lUCH01
_h2331
590 _aCONVERSION
_b10
_c20130109
_lUCH01
_h1321
650 1 4 _aAgave
_xComposicion.
_91074
650 1 4 _aAguamiel.
_92574
830 0 _aLiteratura para médicos
_967142
901 _aBK
942 _cFOLL
949 _aFolleto 7783
_bBC
_cFOLL
_d-99256
_eTS1
_i43273
_si
999 _c38181
_d38181